00586 a2200181 4500260001000000100001300010440000600023260009800029300001400127245012200141650002300263650002500286260000900311130000800320710001500328440004300343020001800386 aParis aMETRO,A. n2 bAssociation Française des Eaux et Forêts. Conseil International de la Langue Française. aXIX-432p. aTerminologie forestière. Sciences forestières,technologie,pratiques et produits forestiers : version française. aSCIENCE FORESTIERE aOUVRAGE DE REFERENCE c1975 lFr. aFAO/IUFRO. aTerminologie Forestière Multilingue. a2-85319-018-8